header

Standards : (Record no. 250311)

MARC details
000 -LEADER
fixed length control field 01780cam a2200361 a 4500
001 - CONTROL NUMBER
control field 2142568
003 - CONTROL NUMBER IDENTIFIER
control field OSt
005 - DATE AND TIME OF LATEST TRANSACTION
control field 20151008094423.0
008 - FIXED-LENGTH DATA ELEMENTS--GENERAL INFORMATION
fixed length control field 980512s1998 cau b 000 0 eng
010 ## - LIBRARY OF CONGRESS CONTROL NUMBER
LC control number 98025309
020 ## - INTERNATIONAL STANDARD BOOK NUMBER
International Standard Book Number 0803966229 (cloth : acidfree paper)
International Standard Book Number 0803962703 (pbk. : acidfree paper)
040 ## - CATALOGING SOURCE
Original cataloging agency DLC
Transcribing agency DLC
Modifying agency DLC
043 ## - GEOGRAPHIC AREA CODE
Geographic area code n-us---
050 00 - LIBRARY OF CONGRESS CALL NUMBER
Classification number LB3060.83
Item number .L63 1998
082 00 - DEWEY DECIMAL CLASSIFICATION NUMBER
Classification number 379.1/58/0973
Edition number 21
100 1# - MAIN ENTRY--PERSONAL NAME
Personal name Lockwood, Anne Turnbaugh.
245 10 - TITLE STATEMENT
Title Standards :
Remainder of title from policy to practice /
Statement of responsibility, etc Anne Turnbaugh Lockwood.
260 ## - PUBLICATION, DISTRIBUTION, ETC. (IMPRINT)
Place of publication, distribution, etc Thousand Oaks, Calif. :
Name of publisher, distributor, etc Corwin Press,
Date of publication, distribution, etc c1998.
300 ## - PHYSICAL DESCRIPTION
Extent vii, 62 p. ;
Dimensions 23 cm.
440 #0 - SERIES STATEMENT/ADDED ENTRY--TITLE
Title Controversial issues in education
504 ## - BIBLIOGRAPHY, ETC. NOTE
Bibliography, etc Includes bibliographical references (p. 60-62).
505 0# - FORMATTED CONTENTS NOTE
Formatted contents note Standards in the context of democracy / Thomas A. Romberg -- Standards-based mathematics reform in practice / Diane J. Briars -- Equity in the standards movement / Walter G. Secada -- Standards for English language learners / Deborah J. Short -- ESL standards enacted / Maria Helena Malagón.
650 #0 - SUBJECT ADDED ENTRY--TOPICAL TERM
Topical term or geographic name as entry element Education
General subdivision Standards
Geographic subdivision United States.
Topical term or geographic name as entry element Mathematics
General subdivision Study and teaching
-- Standards
Geographic subdivision United States.
Topical term or geographic name as entry element Language arts
General subdivision Standards
-- United States.
856 42 - ELECTRONIC LOCATION AND ACCESS
Materials specified Publisher description
Uniform Resource Identifier <a href="http://www.loc.gov/catdir/enhancements/fy0656/98025309-d.html">http://www.loc.gov/catdir/enhancements/fy0656/98025309-d.html</a>
Materials specified Table of contents only
Uniform Resource Identifier <a href="http://www.loc.gov/catdir/enhancements/fy0656/98025309-t.html">http://www.loc.gov/catdir/enhancements/fy0656/98025309-t.html</a>
Materials specified Contributor biographical information
Uniform Resource Identifier <a href="http://www.loc.gov/catdir/enhancements/fy0740/98025309-b.html">http://www.loc.gov/catdir/enhancements/fy0740/98025309-b.html</a>
906 ## - LOCAL DATA ELEMENT F, LDF (RLIN)
a 7
b cbc
c orignew
d 1
e ocip
f 19
g y-gencatlg
942 ## - ADDED ENTRY ELEMENTS (KOHA)
Source of classification or shelving scheme Library of Congress Classification
Koha item type Short Loan Books
Holdings
Withdrawn status Lost status Source of classification or shelving scheme Damaged status Not for loan Collection code Home library Current library Shelving location Date acquired Total Checkouts Full call number Barcode Date last seen Price effective from Koha item type
    Library of Congress Classification     Non-fiction Rongo University Library Rongo University Library Reference 08/10/2015   LB3060.83 .L63 1998 20156964 08/10/2015 08/10/2015 Short Loan Books

© 2026 Rongo University
Contact us: librarian | system librarian | Rongo university